| 000 | 00362nam a2200145Ia 4500 | ||
|---|---|---|---|
| 005 | 20240807062640.0 | ||
| 008 | 240806s9999||||xx |||||||||||||| ||eng|| | ||
| 041 | _aeng | ||
| 100 | _aIndra, Indra Pal Singh | ||
| 245 | 0 |
_aSankh aur veena / _cIndra, Indra Pal Singh |
|
| 260 | _bVageeshwari Prakashan, Jaipur | ||
| 300 | _a87p. | ||
| 650 | _aHindi | ||
| 942 | _cBK | ||
| 999 |
_c25353 _d25353 |
||